En busca de caminos para la comprensión en la problemática ambiental : (Registro nro. 5653)
[ vista simple ]
| 000 -CABECERA | |
|---|---|
| Campo de control | 01710cam a2200277 a 4500 |
| 005 - FECHA Y HORA DE LA ULTIMA TRANSACCION | |
| Campo de control | 20180803165308.0 |
| 008 - ELEMENTOS DE LONGITUD FIJA—INFORMACION GENERAL | |
| Campo de control | 080515s2006 ck r 000 0 spa d |
| 015 ## - NATIONAL BIBLIOGRAPHY NUMBER | |
| National bibliography number | SSN |
| 020 ## - ISBN | |
| ISBN | 9586839028 |
| 040 ## - FUENTE DE CATALOGACIÓN | |
| Agencia catalogadora original | CO-BoPUJ |
| Agencia transcriptora | CO-BoIAVH |
| 041 0# - IDIOMA | |
| Código de idioma para texto/pista de sonido o título separado | Español |
| 043 ## - GEOGRAPHIC AREA CODE | |
| Geographic area code | s-ck--- |
| 082 04 - NUMERO DE CLASIFICACION DECIMAL DEWEY | |
| Número de clasificación | 333.72 |
| Número del ítem | G65b |
| 100 1# - ASIENTO PRINCIPAL--NOMBRE PERSONAL | |
| Nombre personal | González Ladrón de Guevara, Francisco José |
| 9 (RLIN) | 1841 |
| 245 10 - MENCION DE TITULO | |
| Título | En busca de caminos para la comprensión en la problemática ambiental : |
| Parte restante del título | la escisión moderna entre cultura y naturaleza / |
| Mención de responsabilidad | Francisco González Ladrón de Guevara |
| 260 ## - PUBLICACION, DISTRIBUCION, ETC. (PIE DE IMPRENTA) | |
| Lugar de publicación, distribución, etc. | Bogotá: |
| Nombre del editor, distribuidor, etc. | IDEADE, |
| Fecha de publicación, distribución, etc. | 2006. |
| 300 ## - DESCRIPCION FISICA | |
| Extensión | 69 p. |
| Dimensiones | 24 cm. |
| 502 ## - NOTA DE TESIS | |
| Nota de tesis | Tesis para optar al título de Maestría en Filosofía por la Pontificia Universidad Javeriana |
| 504 ## - NOTA DE BIBLIOGRAFIA, ETC. | |
| Nota de bibliografía | Incluye referencias bibliográficas (p. 69). |
| 505 0# - NOTA DE CONTENIDO | |
| Title | Ambigúedad y desafío: la modernidad y el medio ambiente / |
| Statement of responsibility | RP. Vicente Durán, S.J.. -- |
| Miscellaneous information | La |
| Title | produccón de conocimiento y el origen de la escisión sociedad-naturaleza, en relación con la conceptualización de la problemática ambiental. -- |
| -- | Propuesta de introducción de la problemática ambiental en la reflexión filosófica sobre la relación sociedad-naturaleza y sus implicaciones. -- |
| Miscellaneous information | La |
| Title | modernidad y la posmodernidad, sus implicaciones en la construcción del concepto de desarrollo sostenible, como una nueva propuesta filosófica y ético-política. |
| 650 14 - ASIENTO SECUNDARIO DE MATERIA - TERMINO TEMATICO | |
| Término temático o nombre geográfico como elemento de entrada | Desarrollo sostenible |
| Subdivisión general | Tesis, disertaciones, etc. |
| 9 (RLIN) | 89960 |
| 650 24 - ASIENTO SECUNDARIO DE MATERIA - TERMINO TEMATICO | |
| Término temático o nombre geográfico como elemento de entrada | Medio ambiente |
| Subdivisión general | Historia |
| 9 (RLIN) | 89961 |
| 650 24 - ASIENTO SECUNDARIO DE MATERIA - TERMINO TEMATICO | |
| Término temático o nombre geográfico como elemento de entrada | Política ambiental |
| 9 (RLIN) | 92286 |
| 710 2# - ASIENTO SECUNDARIO - NOMBRE CORPORATIVO | |
| Nombre corporativo o de jurisdicción como elemento de entrada | Pontificia Universidad Javeriana |
| Unidad subordinada | Facultad de Estudios Ambientales y Rurales |
| -- | Instituto de Estudios Ambientales para el Desarrollo |
| 9 (RLIN) | 89963 |
| 942 ## - ELEMENTOS ADICIONALES (KOHA) | |
| Sistema de clasificación | Dewey Decimal Classification |
| Tipo de ítem | Libro |
| Withdrawn status | Lost status | Sistema de Clasificación | Damaged status | No para préstamo | Colección | Inventariado | Ubicación Permanente | Ubicación actual | Fecha de adquisición | Fuente de Valor | Total Checkouts | Número topográfico | Inventario / Código de Barras | Date last seen | Ejemplar | Price effective from | Forma de adquisición | Tipo de material |
|---|---|---|---|---|---|---|---|---|---|---|---|---|---|---|---|---|---|---|
| Dewey Decimal Classification | General | Inventariado 2017 | Bogotá | Bogotá | 05/07/2007 | González L. de G., Francisco | LB-333.72 G65b | 024682 | 04/12/2012 | Ej.1 | 04/12/2012 | Libro | ||||||
| Dewey Decimal Classification | General | Bogotá | Bogotá | 10/12/2019 | LB-333.72 G65b | 043876 | 10/12/2019 | Ej.2 | 10/12/2019 | Donación | Libro |